Statistics for Name That Punctuation Quiz

Click here to take the quiz!

General Stats

  • This quiz has been taken 103,974 times
    (23,819 since last reset)
  • The average score is 16 of 24

Answer Stats

Mark Name % Correct
,Comma
98%
?Question Mark
98%
!Exclamation Point
95%
.Period
95%
;Semicolon
91%
:Colon
90%
/Slash
90%
-Hyphen
89%
@At Sign
88%
"Quotation Mark
85%
'Apostrophe
83%
£Pound
81%
©Copyright
78%
\Backslash
74%
{Brace
66%
&Ampersand
58%
...Ellipsis
52%
Pilcrow
46%
~Tilde
38%
^Caret
35%
Bullet
34%
Interrobang
15%
Dagger
11%
«Guillemet
6%

Score Distribution

Percentile by Number Answered

Percent of People with Each Score

Your Score History

You have not taken this quiz since the last reset